| 000 | 00644nam a22002177a 4500 | ||
|---|---|---|---|
| 005 | 2011092607077.0 | ||
| 010 | _aG-001529 | ||
| 020 |
_c85.00 _a9788122204599 |
||
| 035 | 1 | d | _aG-001529 |
| 037 | _bGift | ||
| 082 | _a793.74 | ||
| 100 |
_aVohra, N.D. _934884 |
||
| 245 |
_aQuantitative techniques in management / _cby N. D. Vohra |
||
| 250 | _a4th ed. | ||
| 260 |
_aNew Delhi _bTata McGraw Hill _c2011(repr.). |
||
| 270 |
_a7 West Patel Nagar, _bNew Delhi _e110008 |
||
| 300 |
_axvi, 1063p. _c28cm(pbk) |
||
| 500 | _aIncludes index | ||
| 942 |
_2ddc _cEN _h658.4033 _mVOH |
||
| 999 |
_c57011 _d57011 |
||